| 000 | 00406nam a2200169Ia 4500 | ||
|---|---|---|---|
| 008 | 230711s9999||||xx |||||||||||||| ||und|| | ||
| 020 | _a81-85240-68-X | ||
| 041 | _aENG | ||
| 082 |
_a624 _bKH-A |
||
| 100 | _aKhanna,S.K | ||
| 245 | 0 | _aAirport planning and design | |
| 250 | _a1st Ed. | ||
| 260 |
_c2009 _aNew Delhi _bNem Chand & Bros |
||
| 650 | _aCivil Engineering | ||
| 700 | _aArora,M.G | ||
| 942 | _cBK | ||
| 999 |
_c3060 _d3060 |
||